[Event "FIDE World Rapid Team"]
[Site "Almaty KAZ"]
[Date "2024.08.04"]
[Round "12.22"]
[White "Vakhidov, Jakhongir"]
[Black "Mazhkenov, Alisher"]
[Result "0-1"]
[WhiteTitle "GM"]
[WhiteElo "2571"]
[BlackElo "2118"]
[WhiteTeam "Royal Chess"]
[BlackTeam "Astana-2"]
[WhiteFideId "14201801"]
[BlackFideId "13718983"]
[EventDate "2024.08.02"]

1. c4 e5 2. g3 c6 3. Nf3 d6 4. Nc3 f5 5. d3 Nf6 6. Bg2 Be7 7. O-O O-O 8. b4 h6
9. Bb2 Be6 10. Nh4 Qe8 11. e3 g5 12. Nf3 Nbd7 13. Nd2 Rc8 14. a3 Qf7 15. Ne2 d5
16. c5 Bd8 17. h3 Bc7 18. f4 Qe7 19. Nf3 gxf4 20. exf4 e4 21. Nh4 Qh7 22. Nd4
Rce8 23. Qb3 exd3 24. Qxd3 Ne4 25. Rae1 Bd8 26. Kh2 Ndf6 27. Bf3 Bc8 28. Rg1 h5
29. Kg2 Kf7 30. Kf1 Rg8 31. Bd1 Bc7 32. Ne2 Rg7 33. Nf3 Reg8 34. Ne5+ Kf8 35. h4
Ng4 36. Nf3 Re7 37. Ng5 Qg6 38. Nd4 Bd7 39. Kg2 Ke8 40. Ndf3 Ngf2 41. Qd4 Ng4
42. b5 Kd8 43. bxc6 bxc6 44. Be2 Ba5 45. Rb1 Nxg5 46. Bd3 Nxf3 47. Kxf3 Bd2 48.
Kg2 Be3 49. Qa4 Bxg1 50. Qxa7 Ne3+ 51. Kh1 Qxg3 52. Qb8+ Bc8 53. Qd6+ Ke8 54.
Qxc6+ Bd7 55. Qa8+ Kf7 56. Qxg8+ Qxg8 0-1

[Event "FIDE World Rapid Team"]
[Site "Almaty KAZ"]
[Date "2024.08.04"]
[Round "12.23"]
[White "Tokbayev, Anuar"]
[Black "Nurman, Alua"]
[Result "0-1"]
[BlackTitle "WIM"]
[WhiteElo "1880"]
[BlackElo "2324"]
[WhiteTeam "Astana-2"]
[BlackTeam "Royal Chess"]
[WhiteFideId "13724703"]
[BlackFideId "13729390"]
[EventDate "2024.08.02"]

1. d4 Nf6 2. c4 g6 3. Nf3 Bg7 4. g3 O-O 5. Bg2 d6 6. Nc3 Nbd7 7. O-O e5 8. e4 a6
9. Re1 exd4 10. Nxd4 Ne5 11. b3 c5 12. Nc2 b5 13. Qe2 bxc4 14. bxc4 Bg4 15. f3
Be6 16. Ne3 Nc6 17. Rb1 Nd4 18. Qd3 Rb8 19. Bd2 Qd7 20. Rxb8 Rxb8 21. Rb1 Qc8
22. f4 h5 23. Be1 Kh8 24. Bf2 Ng4 25. Ned5 Nc6 26. Nb6 Qd8 27. Ncd5 Nb4 28. Qb3
Nxf2 29. Kxf2 Nxd5 30. cxd5 Bd4+ 31. Kf1 Bd7 32. a4 a5 33. e5 dxe5 34. fxe5 c4
35. Qxc4 Rxb6 36. Re1 Rb4 37. Qc1 Bxa4 38. Qh6+ Kg8 39. Bf3 Rb2 40. Qf4 Bb5+ 41.
Be2 Qxd5 0-1

[Event "FIDE World Rapid Team"]
[Site "Almaty KAZ"]
[Date "2024.08.04"]
[Round "12.24"]
[White "Khassenov, Mansur"]
[Black "Altynbek, Aiaru"]
[Result "0-1"]
[BlackTitle "WFM"]
[WhiteElo "1982"]
[BlackElo "1990"]
[WhiteTeam "Royal Chess"]
[BlackTeam "Astana-2"]
[WhiteFideId "13768700"]
[BlackFideId "13752472"]
[EventDate "2024.08.02"]

1. c4 e6 2. Nc3 d5 3. d4 Be7 4. Nf3 Nf6 5. Bg5 h6 6. Bf4 O-O 7. e3 c5 8. cxd5
cxd4 9. Qxd4 Nxd5 10. Nxd5 exd5 11. Bxb8 Rxb8 12. Be2 Qa5+ 13. Kf1 Bf6 14. Qf4
Bd7 15. Nd4 Rbc8 16. h4 Rfe8 17. Bd3 Qd2 18. Bc2 Bxd4 0-1

[Event "FIDE World Rapid Team"]
[Site "Almaty KAZ"]
[Date "2024.08.04"]
[Round "12.25"]
[White "Makhnev, Denis"]
[Black "Gurel, Ediz"]
[Result "0-1"]
[WhiteTitle "GM"]
[BlackTitle "GM"]
[WhiteElo "2551"]
[BlackElo "2602"]
[WhiteTeam "Astana-1"]
[BlackTeam "Rookies"]
[WhiteFideId "13707647"]
[BlackFideId "44507356"]
[EventDate "2024.08.02"]

1. d4 Nf6 2. c4 e6 3. Nc3 Bb4 4. Qc2 O-O 5. a3 Bxc3+ 6. Qxc3 b6 7. Nf3 Bb7 8. e3
d5 9. cxd5 Nxd5 10. Qc2 Nd7 11. Be2 c5 12. O-O cxd4 13. Nxd4 Rc8 14. Qd1 Nc5 15.
Bd2 Qf6 16. Rc1 Rfd8 17. b4 Ne4 18. Rxc8 Rxc8 19. Bf3 Qg6 20. Bc1 Ndc3 21. Qd3
e5 22. Ne2 Nxe2+ 23. Bxe2 Nc3 24. f3 e4 25. Qd7 Nxe2+ 26. Kf2 exf3 27. gxf3 Qc6 0-1

[Event "FIDE World Rapid Team"]
[Site "Almaty KAZ"]
[Date "2024.08.04"]
[Round "12.26"]
[White "Zemlyanskii, Ivan"]
[Black "Urazayev, Arystanbek"]
[Result "1-0"]
[WhiteTitle "FM"]
[BlackTitle "IM"]
[WhiteElo "2543"]
[BlackElo "2466"]
[WhiteTeam "Rookies"]
[BlackTeam "Astana-1"]
[WhiteFideId "24249971"]
[BlackFideId "13709810"]
[EventDate "2024.08.02"]

1. d4 d5 2. c4 e6 3. Nf3 Nf6 4. e3 a6 5. b3 c5 6. Bb2 Nc6 7. Bd3 Be7 8. O-O O-O
9. Nc3 b6 10. Qe2 Bb7 11. cxd5 exd5 12. dxc5 Bxc5 13. Na4 Be7 14. Rfd1 b5 15.
Nc3 Re8 16. Rac1 Qb6 17. Qf1 Rad8 18. Ne2 Ne4 19. Bb1 Bf6 20. Bxf6 Nxf6 21. Ned4
Nxd4 22. Nxd4 Rc8 23. Qe1 g6 24. Bd3 b4 25. h3 a5 26. Qe2 Ne4 27. Bxe4 dxe4 28.
Qg4 Qf6 29. Qd7 Ba6 30. Rc6 Qe5 31. Rxa6 Red8 32. Qg4 Rc3 33. Rc6 Rd3 34. Rxd3
exd3 35. Rc8 Rxc8 36. Qxc8+ Kg7 37. Qc1 1-0

[Event "FIDE World Rapid Team"]
[Site "Almaty KAZ"]
[Date "2024.08.04"]
[Round "12.27"]
[White "Zhalmakhanov, Ramazan"]
[Black "Samadov, Read"]
[Result "0-1"]
[WhiteTitle "IM"]
[BlackTitle "IM"]
[WhiteElo "2497"]
[BlackElo "2509"]
[WhiteTeam "Astana-1"]
[BlackTeam "Rookies"]
[WhiteFideId "13706357"]
[BlackFideId "13417444"]
[EventDate "2024.08.02"]

1. Nc3 c5 2. e4 d6 3. Nf3 Nf6 4. d4 cxd4 5. Nxd4 a6 6. h3 e6 7. g4 h6 8. Bg2 Be7
9. f4 Nc6 10. Be3 Nd7 11. O-O O-O 12. Nce2 Nxd4 13. Nxd4 e5 14. Nf5 exf4 15.
Bxf4 Ne5 16. Qd4 Be6 17. Rad1 Rc8 18. Qf2 Qc7 19. b3 b5 20. Rd2 Rfd8 21. Rfd1
Bf8 22. Kh1 a5 23. Qg3 Rd7 24. Nd4 Ng6 25. Nxb5 Qc5 26. c4 Nxf4 27. Qxf4 Be7 28.
Qg3 Bf6 29. Qf2 Qb4 30. Nxd6 Rcd8 31. c5 Be5 32. Nc4 Rxd2 33. Rxd2 Rxd2 34. Qxd2
Bxc4 35. Qxb4 axb4 36. bxc4 Kf8 37. Bf3 Ke7 38. Bd1 Bd4 39. c6 Kd6 40. Ba4 Bb6
41. Kg2 Kc5 42. Bb5 Bc7 43. Kf3 Kd4 44. h4 g5 45. h5 f6 46. Ba4 Kxc4 47. e5 fxe5
48. Ke4 Kc5 49. Kf5 Kd5 50. Bc2 Kxc6 51. Kg6 e4 52. Bxe4+ Kd6 53. Kxh6 Ke5 54.
Kxg5 Kxe4 55. h6 Be5 56. Kg6 Kf4 57. g5 Kg4 58. h7 Bh8 59. Kh6 Kf5 60. Kh5 Bg7
61. Kh4 Kg6 62. Kg4 Kxh7 63. Kf5 Bb2 0-1

[Event "FIDE World Rapid Team"]
[Site "Almaty KAZ"]
[Date "2024.08.04"]
[Round "12.28"]
[White "Shogdzhiev, Roman"]
[Black "Kamalidenova, Meruert"]
[Result "1-0"]
[WhiteTitle "CM"]
[BlackTitle "IM"]
[WhiteElo "2124"]
[BlackElo "2352"]
[WhiteTeam "Rookies"]
[BlackTeam "Astana-1"]
[WhiteFideId "55653537"]
[BlackFideId "13712802"]
[EventDate "2024.08.02"]

1. e4 c5 2. Nf3 Nc6 3. Bb5 d6 4. O-O Bd7 5. Re1 Nf6 6. c3 a6 7. Bf1 e5 8. h3 g5
9. d4 g4 10. hxg4 Bxg4 11. dxc5 Rg8 12. Nbd2 dxc5 13. Qc2 Nh5 14. Nh2 Bh3 15. g3
Be6 16. Ndf3 Qf6 17. Kh1 Bh6 18. Bxh6 Qxh6 19. Qd2 Qxd2 20. Nxd2 O-O-O 21. Ndf3
Nf6 22. Kg1 h5 23. b3 Ng4 24. Rad1 f6 25. Nh4 Kc7 26. Be2 b5 27. Rxd8 Rxd8 28.
Rd1 Rg8 29. Nxg4 Bxg4 30. Kf1 b4 31. Rc1 Kb6 32. Ng2 Be6 33. Ne3 bxc3 34. Bc4
Bh3+ 35. Ke1 Rh8 36. Nd5+ Kb7 37. Nxf6 Nd4 38. Rxc3 Rh6 39. Ng8 Rh7 40. Nf6 Rh6
41. Ng8 Rg6 42. Ne7 Rg7 43. Nd5 h4 44. gxh4 Rg1+ 45. Kd2 Bg4 46. Ne3 Bh5 47.
Bd5+ Kb6 48. Rc1 Nf3+ 49. Kc2 Ne1+ 50. Kb1 Be2 51. Nc4+ Kc7 52. Nxe5 Kd6 53. f4
Rf1 54. Bc4 Bxc4 55. Nxc4+ Ke6 56. f5+ Kf6 57. e5+ Ke7 58. Ne3 Rh1 59. Nc2 1-0

[Event "FIDE World Rapid Team"]
[Site "Almaty KAZ"]
[Date "2024.08.04"]
[Round "12.29"]
[White "Agmanov, Zhandos"]
[Black "Bivol, Alina"]
[Result "1/2-1/2"]
[WhiteTitle "IM"]
[BlackTitle "IM"]
[WhiteElo "2458"]
[BlackElo "2345"]
[WhiteTeam "Astana-1"]
[BlackTeam "Rookies"]
[WhiteFideId "13708309"]
[BlackFideId "4100123"]
[EventDate "2024.08.02"]

1. e4 e5 2. Nf3 Nc6 3. Bb5 a6 4. Ba4 Nf6 5. O-O d6 6. Re1 Bd7 7. c3 g6 8. d4 b5
9. Bc2 Bg7 10. h3 O-O 11. Be3 exd4 12. cxd4 Nb4 13. Nc3 Nxc2 14. Qxc2 b4 15. Ne2
Bb5 16. Ng3 Re8 17. Rad1 Qd7 18. d5 c6 19. dxc6 Qxc6 20. Qxc6 Bxc6 21. Rxd6 Bxe4
22. Nd2 Bd5 23. b3 a5 24. Rc1 Be6 25. Bd4 a4 26. f3 Rec8 27. Rxc8+ Rxc8 28. Ra6
axb3 29. axb3 Rd8 30. Ne2 Ne8 31. Be3 h6 32. Kf2 Nc7 33. Ra5 Nd5 34. Bd4 Nc3 35.
Bxg7 Kxg7 36. Ke1 Bf5 37. Ng3 Re8+ 38. Kf2 Bc2 39. Ra7 h5 40. h4 Nd1+ 41. Kg1
Re1+ 42. Kh2 Nf2 43. Rb7 Rd1 44. Nc4 Bxb3 45. Rxb4 Bxc4 46. Rxc4 Nd3 47. Ne4 Nf4
48. Ng5 Ne6 49. Nxe6+ fxe6 50. Kg3 Kf6 51. Kf4 e5+ 52. Ke4 Re1+ 53. Kd3 Rd1+ 54.
Ke2 Ra1 55. g4 hxg4 56. fxg4 Rh1 57. Rc6+ Kf7 1/2-1/2

[Event "FIDE World Rapid Team"]
[Site "Almaty KAZ"]
[Date "2024.08.04"]
[Round "12.30"]
[White "Berikkyzy Alanna"]
[Black "Naimanov, Rinat"]
[Result "1-0"]
[WhiteTitle "WCM"]
[WhiteElo "1869"]
[BlackElo "1749"]
[WhiteTeam "Rookies"]
[BlackTeam "Astana-1"]
[WhiteFideId "13780719"]
[BlackFideId "13785109"]
[EventDate "2024.08.02"]

1. e4 e5 2. Nf3 Nc6 3. Bb5 f5 4. d3 fxe4 5. dxe4 Nf6 6. Nc3 Bb4 7. O-O Bxc3 8.
bxc3 d6 9. Bc4 Qe7 10. Rb1 Nd8 11. Qd3 Be6 12. Nh4 Bxc4 13. Qxc4 Qf7 14. Qd3 O-O
15. f4 Nd7 16. Be3 Qxa2 17. c4 Qa4 18. Qd5+ Nf7 19. Rxb7 Nf6 20. Qd3 Qc6 21.
Rfb1 exf4 22. Bxf4 Nxe4 23. Nf5 Qc5+ 24. Ne3 Nf6 25. R7b5 Qc6 26. Nf5 Ne5 27.
Ne7+ Kh8 28. Nxc6 Nxd3 29. cxd3 Nd7 30. Bg3 Nc5 31. d4 Ne4 32. Rb7 a5 33. Ra7 a4
34. Ra1 Rxa7 35. Nxa7 Nc3 36. h3 Ra8 37. Nb5 Ne2+ 38. Kf2 1-0

[Event "FIDE World Rapid Team"]
[Site "Almaty KAZ"]
[Date "2024.08.04"]
[Round "12.31"]
[White "Grachev, Boris"]
[Black "Mamedyarov, Shakhriyar"]
[Result "0-1"]
[WhiteTitle "GM"]
[BlackTitle "GM"]
[WhiteElo "2585"]
[BlackElo "2733"]
[WhiteTeam "GMs Kazahhstan"]
[BlackTeam "Kazchess"]
[WhiteFideId "4129199"]
[BlackFideId "13401319"]
[EventDate "2024.08.02"]

1. d4 Nf6 2. Nf3 g6 3. c4 Bg7 4. g3 O-O 5. Bg2 c6 6. O-O d5 7. cxd5 cxd5 8. Ne5
Ng4 9. Nxg4 Bxg4 10. h3 Bd7 11. Nc3 Nc6 12. Nxd5 Nxd4 13. Bh6 Nf3+ 14. exf3 Bxh6
15. f4 Bc6 16. Qd4 Bg7 17. Qc5 Bxd5 18. Qxd5 Qxd5 19. Bxd5 Rab8 20. Rab1 Rfd8
21. Rfd1 e6 22. Bf3 Rxd1+ 23. Rxd1 Bxb2 24. Rd7 Rc8 25. Rxb7 Rc2 26. Be4 Re2 27.
Kf1 Rxe4 28. Rxb2 Ra4 29. h4 Kg7 30. Kg2 Ra3 31. g4 h5 32. f3 hxg4 33. fxg4 a5
34. Re2 Kf6 35. Rd2 a4 36. Rf2 Ke7 37. Rb2 Rc3 38. Rb7+ Kf6 39. g5+ Kg7 40. Ra7
Rc2+ 41. Kg3 Rxa2 42. Ra8 a3 43. Kh3 Ra1 44. Kg2 a2 45. Kh2 Rf1 46. Rxa2 Rxf4
47. Kg3 Rd4 48. Ra8 f5 49. gxf6+ Kxf6 50. Rf8+ Kg7 51. Ra8 e5 52. Re8 Kf6 53.
Rf8+ Ke7 54. Ra8 Rd1 55. Kg4 Ke6 56. Re8+ Kf6 57. Rf8+ Kg7 58. Re8 Rg1+ 59. Kf3
Re1 60. Re6 Kf7 61. Ra6 Rf1+ 62. Ke4 Rf5 63. Ra7+ Kf6 64. Ra6+ Kg7 65. Re6 Rf4+
66. Kxe5 Rxh4 67. Rd6 Kh6 68. Kf6 Rf4+ 69. Ke5 Rg4 70. Kf6 Kh5 71. Rd1 g5 72.
Rh1+ Rh4 73. Rg1 Rf4+ 74. Ke5 Rf3 75. Ke4 g4 76. Rh1+ Kg5 77. Rh8 Rf1 78. Ke3 g3
79. Ke2 Rf7 80. Rh1 Kg4 81. Rf1 Rxf1 0-1

[Event "FIDE World Rapid Team"]
[Site "Almaty KAZ"]
[Date "2024.08.04"]
[Round "12.32"]
[White "Svidler, Peter"]
[Black "Balmagambetov, Timur"]
[Result "1-0"]
[WhiteTitle "GM"]
[WhiteElo "2698"]
[BlackElo "2154"]
[WhiteTeam "Kazchess"]
[BlackTeam "GMs Kazahhstan"]
[WhiteFideId "4102142"]
[BlackFideId "13730258"]
[EventDate "2024.08.02"]

1. e4 c5 2. Nf3 e6 3. d4 cxd4 4. Nxd4 a6 5. Nc3 b5 6. Bd3 Bb7 7. O-O Nc6 8. Nxc6
Bxc6 9. Re1 Ne7 10. Bg5 Qb8 11. a4 b4 12. Ne2 Ng6 13. Nd4 Bb7 14. Nb3 Bd6 15. g3
Qc7 16. Nd2 Ne5 17. Be3 O-O 18. f4 Nxd3 19. cxd3 f5 20. Rc1 Qd8 21. Bd4 Rc8 22.
Nc4 Bc7 23. exf5 Rxf5 24. Qg4 Qf8 25. Ne3 Rf7 26. Qg5 Qe7 27. Qxe7 Rxe7 28. Bc5
Ree8 29. Bxb4 Bb6 30. Kf2 Kf7 31. Bd6 Bd4 32. Be5 Bxe3+ 33. Kxe3 g6 34. Kd2 Ke7
35. Rc4 d6 36. Bc3 Bd5 37. Rd4 Kd7 38. g4 Rf8 39. h4 Rb8 40. Re3 Rf7 41. Rh3 h5
42. gxh5 gxh5 43. Rg3 Kc6 44. Rg5 Rf5 45. Ke3 Rb3 46. a5 Rb8 47. Ra4 Rb7 48.
Rxf5 exf5 49. Ra1 Rb8 50. Rg1 Re8+ 51. Kf2 Bb3 52. Rg5 Bc2 53. Rxf5 Bxd3 54.
Rxh5 Re2+ 55. Kf3 Rh2 56. Kg3 Rh1 57. f5 Rg1+ 58. Kh2 Rf1 59. f6 Bc4 60. Rh7 Kc5
61. Rc7+ Kb5 62. Kg3 Be6 63. h5 Rh1 64. f7 Rf1 65. h6 1-0

[Event "FIDE World Rapid Team"]
[Site "Almaty KAZ"]
[Date "2024.08.04"]
[Round "12.33"]
[White "Akhilbay, Imangali"]
[Black "Grischuk, Alexander"]
[Result "0-1"]
[WhiteTitle "FM"]
[BlackTitle "GM"]
[WhiteElo "2279"]
[BlackElo "2708"]
[WhiteTeam "GMs Kazahhstan"]
[BlackTeam "Kazchess"]
[WhiteFideId "13734857"]
[BlackFideId "4126025"]
[EventDate "2024.08.02"]

1. e4 e5 2. Nf3 Nc6 3. Bc4 Bc5 4. c3 Nf6 5. d3 d6 6. h3 O-O 7. O-O h6 8. Re1 Bb6
9. Nbd2 Ne7 10. a4 a5 11. Bb3 c6 12. d4 Ng6 13. Nf1 d5 14. Nxe5 Nxe5 15. dxe5
Nxe4 16. Be3 Re8 17. f3 Nc5 18. f4 f6 19. exf6 Qxf6 20. Bc2 Bf5 21. Kh1 Bxc2 22.
Qxc2 Nd7 23. Qf2 Bxe3 24. Rxe3 Rxe3 25. Nxe3 Re8 26. Rf1 Re4 27. Ng4 Qf5 28. Qa7
h5 29. Ne3 Qe6 30. Nc2 c5 31. Qxa5 Re2 32. Qd8+ Kh7 33. f5 Qe4 34. Rg1 Nf6 35.
Na3 Re3 36. Kh2 Qf4+ 37. g3 Re2+ 38. Rg2 Qf3 39. Rxe2 Qxe2+ 40. Kg1 Ne4 41. Qh4
Qf2+ 0-1

[Event "FIDE World Rapid Team"]
[Site "Almaty KAZ"]
[Date "2024.08.04"]
[Round "12.34"]
[White "Ansat, Aldiyar"]
[Black "Petukhov, Alan"]
[Result "0-1"]
[WhiteTitle "IM"]
[WhiteElo "2457"]
[BlackElo "2224"]
[WhiteTeam "Kazchess"]
[BlackTeam "GMs Kazahhstan"]
[WhiteFideId "13715658"]
[BlackFideId "13731190"]
[EventDate "2024.08.02"]

1. e4 c5 2. Nf3 Nc6 3. Nc3 Nf6 4. d4 cxd4 5. Nxd4 e5 6. Ndb5 d6 7. Bg5 a6 8. Na3
b5 9. Nab1 Be7 10. Bxf6 Bxf6 11. a4 bxa4 12. Bc4 Rb8 13. Nxa4 O-O 14. O-O Kh8
15. Nbc3 Bg5 16. Nd5 a5 17. Re1 f5 18. exf5 Bxf5 19. Bd3 Qd7 20. b3 Nd4 21. Nac3
Bg4 22. Be2 Nxe2+ 23. Nxe2 Qa7 24. Rf1 Qc5 25. c4 Bh4 26. Qe1 Rxb3 27. Ng3 Bxg3
28. hxg3 Qxc4 29. Ne3 Qb4 30. Rxa5 Qxe1 31. Rxe1 Be6 32. Rd1 Rb6 33. Ra7 h6 34.
Re7 Rf6 35. g4 Kg8 36. f3 Kf8 37. Ra7 Rf7 38. Ra8+ Ke7 39. Kf2 Kf6 40. Rd8 Ke7
41. Ra8 Rf8 42. Ra7+ Kf6 43. Rd2 Rd8 44. Ra5 Rd7 45. Rad5 Rc6 46. Ra5 Kf7 47.
Nd5 Rc5 48. Nb6 Rxa5 49. Nxd7 Bxd7 50. Rxd6 Be6 51. Ke3 Ra2 52. g3 Ra4 53. Rb6
Bd5 54. f4 exf4+ 55. gxf4 Re4+ 0-1

[Event "FIDE World Rapid Team"]
[Site "Almaty KAZ"]
[Date "2024.08.04"]
[Round "12.35"]
[White "Kaliakhmet, Elnaz"]
[Black "Assaubayeva, Bibisara"]
[Result "1-0"]
[WhiteTitle "WFM"]
[BlackTitle "IM"]
[WhiteElo "2137"]
[BlackElo "2470"]
[WhiteTeam "GMs Kazahhstan"]
[BlackTeam "Kazchess"]
[WhiteFideId "13730169"]
[BlackFideId "13708694"]
[EventDate "2024.08.02"]

1. d4 Nf6 2. c4 g6 3. Nc3 Bg7 4. e4 d6 5. h3 O-O 6. Be3 a5 7. g4 a4 8. Nge2 a3
9. b3 c5 10. Rc1 Nc6 11. Bg2 Qa5 12. d5 Nb4 13. O-O Bd7 14. Qd2 b5 15. cxb5 Ne8
16. f4 Nc7 17. e5 Bxb5 18. Nxb5 Qxb5 19. Nc3 Qd3 20. Rfd1 Qxd2 21. Rxd2 Ra5 22.
Na4 Rc8 23. Nb6 Rd8 24. Nc4 Ra6 25. Kf1 Nb5 26. Ke1 Ra7 27. Bf3 Nd4 28. Bxd4
cxd4 29. Rxd4 dxe5 30. fxe5 Nxa2 31. Ra1 Nb4 32. Kd2 Nc6 33. dxc6 Rxd4+ 34. Ke3
Rxc4 35. bxc4 Bxe5 36. Ra2 Bb2 37. Kd3 e6 38. c5 Kf8 39. Kc4 Ke7 40. Kb5 Kd8 41.
Kb6 Re7 42. g5 e5 43. Be4 Kc8 44. h4 Kb8 45. Kb5 Kc7 46. Kc4 Re8 47. Kb3 Rd8 48.
Rxb2 Rb8+ 49. Kxa3 Ra8+ 50. Kb3 Rd8 51. Kc3 Rd4 52. Rb7+ Kc8 53. Bd3 Rd5 54. Bb5
Rxc5+ 55. Kb4 Rc1 56. Rxf7 e4 57. Re7 1-0

[Event "FIDE World Rapid Team"]
[Site "Almaty KAZ"]
[Date "2024.08.04"]
[Round "12.37"]
[White "Tologon tegin, Semetei"]
[Black "Isanzhulov, Arystan"]
[Result "0-1"]
[WhiteTitle "IM"]
[BlackTitle "IM"]
[WhiteElo "2337"]
[BlackElo "2401"]
[WhiteTeam "Kyrgyz Chess Academy"]
[BlackTeam "Teniz Kazakhstan"]
[WhiteFideId "13800574"]
[BlackFideId "13711644"]
[EventDate "2024.08.02"]

1. g3 d5 2. Bg2 Nf6 3. d3 e5 4. Nf3 Bd6 5. c4 c6 6. cxd5 cxd5 7. Bg5 Nbd7 8. O-O
O-O 9. Nc3 Qa5 10. Nd2 h6 11. Nb3 Qb6 12. Bxf6 Nxf6 13. Nxd5 Nxd5 14. Bxd5 Bh3
15. Bg2 Be6 16. Nd2 Qxb2 17. Nc4 Bxc4 18. dxc4 Rad8 19. Bd5 b6 20. a4 Qd4 21.
Qc2 Qg4 22. a5 Rd7 23. axb6 axb6 24. e3 Bc5 25. Ra6 Kh8 26. Rfa1 Qg5 27. Ra8 g6
28. Rxf8+ Bxf8 29. Ra8 Kg7 30. Qa4 Rc7 31. Rb8 Qf6 32. Qa8 Qd6 33. Kg2 h5 34. h4
Rd7 35. Re8 b5 36. Bc6 Ra7 37. Rd8 Rxa8 38. Rxd6 Rc8 39. Bd7 Rd8 40. Rd1 bxc4
41. Ba4 Ra8 42. Bc6 Rc8 43. Bd5 Ba3 44. Be4 Rc7 45. Bc2 Rb7 46. Kf3 Rb2 47. Rd2
f5 48. e4 Bc5 49. Re2 Kf6 50. Kg2 Bd4 51. Kf1 Ra2 52. f4 Ra3 53. Kg2 Ra2 54. Kf3
Ra1 55. fxe5+ Bxe5 56. exf5 gxf5 57. Rf2 Bd4 58. Rd2 Ra3+ 59. Ke2 Ke5 60. Kf1
Rxg3 61. Re2+ Kf4 62. Rg2 Rh3 63. Rg5 Rh2 64. Rxf5+ Ke3 65. Ba4 Rxh4 66. Kg2 c3
67. Bd1 Kd2 68. Bb3 Bb6 69. Rd5+ Kc1 70. Rb5 Bc7 71. Rb7 Bf4 72. Kf3 Bd2 73. Rb5
Rf4+ 74. Kg3 h4+ 75. Kh3 Be1 76. Re5 Bg3 77. Rc5 Rf3 78. Kg2 Re3 79. Rc4 Kb2 80.
Ba4 Ka3 81. Bd1 Be1 82. Kh2 Rd3 83. Bg4 Bg3+ 84. Kg1 Be5 85. Bf5 Rf3 86. Bg4
Rg3+ 87. Kf2 Bd4+ 88. Rxd4 c2 89. Rc4 Kb2 90. Bf5 c1=Q 91. Rxc1 Kxc1 92. Be6 Kd2
93. Bd7 Kd3 94. Bc8 Ke4 95. Bd7 Kf4 96. Bc8 h3 97. Bb7 h2 98. Ba8 Rg1 0-1

[Event "FIDE World Rapid Team"]
[Site "Almaty KAZ"]
[Date "2024.08.04"]
[Round "12.38"]
[White "Ismagambetov, Anuar"]
[Black "Erzhanov, Arman"]
[Result "1-0"]
[WhiteTitle "GM"]
[BlackTitle "FM"]
[WhiteElo "2520"]
[BlackElo "2114"]
[WhiteTeam "Teniz Kazakhstan"]
[BlackTeam "Kyrgyz Chess Academy"]
[WhiteFideId "13701525"]
[BlackFideId "4138821"]
[EventDate "2024.08.02"]

1. e4 c5 2. Nf3 Nc6 3. d4 cxd4 4. Nxd4 Nf6 5. Nc3 e5 6. Ndb5 d6 7. Bg5 a6 8. Na3
b5 9. Nd5 Be7 10. Bxf6 Bxf6 11. c3 Rb8 12. Nc2 Bg5 13. Be2 O-O 14. O-O Be6 15.
Qd3 f5 16. Bf3 f4 17. Rfd1 Qd7 18. Qe2 Bd8 19. b4 a5 20. a3 Bb6 21. h3 Rfc8 22.
Bg4 Bxg4 23. Qxg4 Qxg4 24. hxg4 Rd8 25. a4 bxa4 26. b5 Na7 27. c4 Nc8 28. Rxa4
Rd7 29. Na1 Bd8 30. Nb3 Ra7 31. Kf1 Kf7 32. Ke2 Ke6 33. Rda1 Rba8 34. Kd3 Kf7
35. f3 Nb6 36. Nxb6 Bxb6 37. Rd1 Ke6 38. Kc3 Rc8 39. Rd5 Rac7 40. Rd1 h6 41. Nc1
Ra7 42. Kb3 Rac7 43. Ne2 Ra7 44. Rda1 Rca8 45. R1a2 Bd8 46. Nc3 Rb7 47. Nd5 Kd7
48. Kc3 Rc8 49. Kd3 Rcb8 50. Kc3 Rc8 51. Kb3 Rcb8 52. Rd2 Ke6 53. Rd3 Rc8 54.
Ra1 Rcb8 55. Rad1 Rc8 56. Nc3 Be7 57. Na4 Kf7 58. Rd5 Ke6 59. R1d2 Rcb8 60. Kc3
Rc8 61. b6 Ra8 62. Rb5 Ra6 63. Rdd5 Bd8 64. c5 1-0

[Event "FIDE World Rapid Team"]
[Site "Almaty KAZ"]
[Date "2024.08.04"]
[Round "12.39"]
[White "Markov, Mikhail KGZ"]
[Black "Mamedov, Edgar"]
[Result "1/2-1/2"]
[WhiteTitle "IM"]
[BlackTitle "FM"]
[WhiteElo "2255"]
[BlackElo "2443"]
[WhiteTeam "Kyrgyz Chess Academy"]
[BlackTeam "Teniz Kazakhstan"]
[WhiteFideId "13800698"]
[BlackFideId "13739980"]
[EventDate "2024.08.02"]

1. c4 e6 2. Nf3 d5 3. g3 dxc4 4. Qa4+ Nd7 5. Qxc4 a6 6. Bg2 b5 7. Qc2 Bb7 8. O-O
Ngf6 9. d3 c5 10. b3 Be7 11. Bb2 O-O 12. Nbd2 Qb6 13. e4 Rfd8 14. a4 Rac8 15.
Bc3 Re8 16. axb5 axb5 17. Qb2 Nb8 18. b4 cxb4 19. Bxb4 Bxb4 20. Qxb4 Nc6 21. Qb2
e5 22. Nc4 Qc5 23. Na5 Nxa5 24. Rxa5 Bc6 25. d4 Qb6 26. Rfa1 exd4 27. Nxd4 Bd7
28. Nxb5 Rb8 29. e5 Bxb5 30. Rxb5 Qxb5 31. Qxb5 Rxb5 32. exf6 Rb2 33. fxg7 Kxg7
34. Bf3 Rd8 35. Kg2 Rdd2 36. Rf1 f5 37. Kg1 Kf6 38. Kg2 Kg5 39. Kg1 f4 40. Kg2
fxg3 41. hxg3 h5 42. Be4 h4 43. gxh4+ Kxh4 44. Kf3 Kg5 45. Kg3 Rb3+ 46. f3 Re2
47. Bc6 Rb6 48. Rc1 Rbb2 49. Rc5+ Kf6 50. Be4 Rh2 51. Ra5 Rbg2+ 52. Kf4 Rh4+ 53.
Ke3 Rb2 54. Ra6+ Ke7 55. Rc6 Rb4 56. Ra6 Rc4 1/2-1/2

[Event "FIDE World Rapid Team"]
[Site "Almaty KAZ"]
[Date "2024.08.04"]
[Round "12.40"]
[White "Sapenov, Daniyal"]
[Black "Zheenbekov, Nurgazy"]
[Result "1-0"]
[WhiteTitle "FM"]
[WhiteElo "2311"]
[BlackElo "2124"]
[WhiteTeam "Teniz Kazakhstan"]
[BlackTeam "Kyrgyz Chess Academy"]
[WhiteFideId "13728911"]
[BlackFideId "13800485"]
[EventDate "2024.08.02"]

1. e4 e5 2. Nf3 Nc6 3. Bb5 a6 4. Ba4 Nf6 5. d3 b5 6. Bb3 Bc5 7. a4 Rb8 8. axb5
axb5 9. c3 O-O 10. O-O h6 11. d4 Bb6 12. dxe5 Ng4 13. Bf4 Qe7 14. Nbd2 Ngxe5 15.
Nxe5 Nxe5 16. Qe2 d6 17. Kh1 Bg4 18. f3 Be6 19. Bxe5 dxe5 20. Bxe6 Qxe6 21. Qxb5
Be3 22. Qe2 Bxd2 23. Qxd2 Rfd8 24. Qe2 Qb3 25. Rf2 Rd6 26. h3 Rbd8 27. Qc2 Qb6
28. Re2 Rd3 29. Rae1 Qg6 30. Qc1 Qg3 31. Rf1 R8d6 32. b4 Qh4 33. Kh2 Qd8 34. Qe1
Rd1 35. Qf2 Qg5 36. Rxd1 Rxd1 37. Qe3 Qd8 38. Ra2 Kh7 39. Qe2 Rd3 40. Rc2 Qd6
41. b5 Rd1 42. Qe3 Qa3 43. Qf2 Qa1 44. c4 Rh1+ 45. Kg3 Qa8 46. Qd2 Qe8 47. Rc1
Rxc1 48. Qxc1 Qd8 49. c5 Qd3 50. b6 cxb6 51. c6 Qd8 52. c7 Qc8 53. Qc6 b5 54.
Qd6 b4 55. Qd8 1-0